مكتبة جامعة عجلون الوطنية

فهرس بحث المكتبة

Normal view MARC view
  • تاليف العباسي، نظام عزت

Entry Personal Name

Number of records used in: 1

001 - CONTROL NUMBER

  • control field: 21144

003 - CONTROL NUMBER IDENTIFIER

  • control field: JO-AjAnu

005 - DATE AND TIME OF LATEST TRANSACTION

  • control field: 20230606073652.0

008 - FIXED-LENGTH DATA ELEMENTS

  • fixed length control field: 230606|| aca||aabn | a|a d

040 ## - CATALOGING SOURCE

  • Original cataloging agency: JO-AjAnu
  • Transcribing agency: JO-AjAnu

100 ## - HEADING--PERSONAL NAME

  • Personal name: تاليف العباسي، نظام عزت

670 ## - SOURCE DATA FOUND

  • Source citation: Work cat.: (JO-AjAnu)10864: تاليف العباسي، نظام عزت, author, السياسة الداخلية للحركة الوطنية الفلسطينية في مواجهة الإنتداب البريطاني والحركة الصهيونية 1918-1945